|
|
|
|
| LEADER |
00000nam a22000007a 4500 |
| 005 |
20190404121720.0 |
| 007 |
cr|||| |||| |
| 008 |
190404s2018 es |||||s|||| 00||0 spa d |
| 020 |
|
|
|a 978-84-7351-662-4
|
| 035 |
|
|
|a 23120
|
| 040 |
|
|
|a vLex
|
| 090 |
|
|
|c 8556
|d 8556
|
| 100 |
1 |
|
|a Fernǹdez Sur̀ez, Belň
|
| 245 |
1 |
0 |
|a ¿Quiň gobierna?
|h [Recurso electrn̤ico] :
|b Polt̕icas pb︢licas e integracin̤ de inmigrantes en Espaą /
|c Belň Fernǹdez Sur̀ez
|
| 256 |
|
|
|a Servicio en ln̕ea
|
| 260 |
|
|
|a Madrid:
|b Instituto Nacional de Administracin̤ Pb︢lica (INAP),
|c 2018
|
| 300 |
|
|
|a 1 recurso electrn̤ico
|
| 500 |
|
|
|a El presente libro trata de analizar el proceso de institucionalizacin̤ en Espaą de las polt̕icas de integracin̤ de inmigrantes. En el anl̀isis se disecciona cm̤o funciona una polt̕ica pb︢lica concreta y cul̀ es el rol de los distintos actores polt̕icos y sociales. La cuestin̤ migratoria (y las polt̕icas para su gestin̤) son un tema relevante en las sociedades occidentales, donde estamos pasando de un liberalismo restrictivo y un “chauvinismo del bienestar” a procesos de exclusin̤ de la poblacin̤ extranjera. El rechazo a la poblacin̤ extranjera en Espaą se mantuvo en niveles bajos en relacin̤ con el contexto europeo durante la crisis econm̤ica. La explicacin̤ a este fenm̤eno es complejo, pero no debemos descartar que las medidas polt̕icas quizs̀ han servido para cimentar una convivencia en una sociedad que acepta con flexibilidad el cambio social. Esta polt̕ica especf̕ica nos sirve como modelo para explicar el funcionamiento de una polt̕ica multinivel, y el papel de los diversos territorios en su gestin̤ “estudiando los casos de Andaluca̕, Cataluą y Madrid”, y de los distintos actores e instrumentos polt̕icos. Al intentar contestar la pregunta de quiň gobierna las migraciones, tambiň podemos encontrarnos con la respuesta de cm̤o funciona la polt̕ica en Espaą.
|
| 506 |
1 |
|
|a Disponible solo en los productos indicados
|d vLex Global
|d vLex Global (Academic Edition, excluding Law Schools)
|d vLex Global (U.S. Academic Edition, Law Schools)
|d vLex Global (U.S. Academic Edition, excluding Law Schools)
|d vLex Global (Academic Edition, Law Schools)
|
| 650 |
0 |
4 |
|a Actividad Administrativa
|z Espaą
|
| 740 |
0 |
|
|a vLex Libros (Servicio en ln̕ea)
|
| 856 |
4 |
0 |
|u http://vlex.com/source/quien-gobierna-politicas-publicas-e-integracion-de-inmigrantes-en-espa-a-23120
|z Acceso restringido
|
| 942 |
|
|
|c BOOK
|
| 999 |
0 |
|
|a Administrative Activity
|